[Event "Valasska Bystrice op"]
[Site "Valasska Bystrice"]
[Date "2015.09.14"]
[Round "4"]
[White "Kolasin, Jan"]
[Black "Micka, Jaroslav"]
[Result "1-0"]
[WhiteElo "1958"]
[BlackElo "1850"]
[PlyCount "37"]
[EventDate "2015.09.12"]
[EventType "swiss"]
[EventRounds "9"]
[EventCountry "CZE"]
[SourceTitle "EXT 2016"]
[Source "ChessBase"]
[SourceDate "2015.10.08"]
[SourceVersion "1"]
[SourceVersionDate "2015.10.08"]
[SourceQuality "1"]

1. e4 e6 2. Nf3 d5 3. e5 c5 4. b4 cxb4 5. a3 Nc6 6. axb4 Nxb4 7. c3 Nc6 8. d4 Qb6 9. Bd3 Bd7 10. 0-0 Rc8 11. Ng5 g6 12. Qf3 Nh6 13. Qf6 Rg8 14. Nxh7 Be7 15. Qf3 Nf5 16. Ba3 Rh8 17. Qh3 Bxa3 18. Nxa3 Ke7 19. Bxf5 1-0

[Event "Valasska Bystrice op"]
[Site "Valasska Bystrice"]
[Date "2014.09.20"]
[Round "9"]
[White "Micka, Jaroslav"]
[Black "Vaculik, Jakub"]
[Result "1/2-1/2"]
[WhiteElo "1849"]
[BlackElo "1981"]
[PlyCount "25"]
[EventDate "2014.09.13"]
[EventType "swiss"]
[EventRounds "9"]
[EventCountry "CZE"]
[SourceTitle "CBM 162 Extra"]
[Source "ChessBase"]
[SourceDate "2014.10.17"]
[SourceVersion "1"]
[SourceVersionDate "2014.10.17"]
[SourceQuality "1"]

1. e4 e6 2. d4 d5 3. Nd2 c5 4. Ngf3 cxd4 5. exd5 Qxd5 6. Bc4 Qd6 7. 0-0 Nf6 8. Nb3 Nc6 9. Bg5 e5 10. h3 Be6 11. Qe2 Bxc4 12. Qxc4 Qd5 13. Qe2 1/2-1/2

[Event "Valasska Bystrice op"]
[Site "Valasska Bystrice"]
[Date "2014.09.19"]
[Round "8"]
[White "Balacek, Tadeas"]
[Black "Micka, Jaroslav"]
[Result "1-0"]
[WhiteElo "2213"]
[BlackElo "1849"]
[PlyCount "49"]
[EventDate "2014.09.13"]
[EventType "swiss"]
[EventRounds "9"]
[EventCountry "CZE"]
[SourceTitle "CBM 162 Extra"]
[Source "ChessBase"]
[SourceDate "2014.10.17"]
[SourceVersion "1"]
[SourceVersionDate "2014.10.17"]
[SourceQuality "1"]

1. d4 e6 2. c4 Nf6 3. g3 Bb4+ 4. Bd2 a5 5. Bg2 0-0 6. Nf3 d6 7. 0-0 Bxd2 8. Qxd2 Qe7 9. Nc3 e5 10. dxe5 dxe5 11. Rfd1 Nc6 12. Nd5 Nxd5 13. cxd5 Rd8 14. Qc3 e4 15. dxc6 exf3 16. Bxf3 b6 17. Rxd8+ Qxd8 18. e3 Qe8 19. Rd1 Be6 20. Qe5 Rc8 21. a3 f6 22. Qd4 Kf8 23. Kg2 Ke7 24. Qe4 Qg6 25. Rd7+ 1-0

[Event "Ostrava Seniors op"]
[Site "Ostrava"]
[Date "2014.05.04"]
[Round "9"]
[White "Micka, Jaroslav"]
[Black "Doskar, Miloslav"]
[Result "1-0"]
[WhiteElo "1837"]
[BlackElo "1703"]
[PlyCount "79"]
[EventDate "2014.04.26"]
[EventType "swiss"]
[EventRounds "9"]
[EventCountry "CZE"]
[SourceTitle "CBM 160 Extra"]
[Source "ChessBase"]
[SourceDate "2014.07.01"]
[SourceVersion "1"]
[SourceVersionDate "2014.07.01"]
[SourceQuality "1"]

1. e4 e5 2. Nc3 Nf6 3. Nf3 Nc6 4. Bb5 d6 5. d4 exd4 6. Nxd4 Bd7 7. Be3 a6 8. Bxc6 bxc6 9. f3 g6 10. Qd2 Bg7 11. Bh6 0-0 12. Bxg7 Kxg7 13. g4 Re8 14. 0-0-0 d5 15. exd5 cxd5 16. h4 c5 17. g5 Nh5 18. Nde2 d4 19. Ne4 Qb6 20. Nf4 Nxf4 21. Qxf4 Re6 22. Rh2 Rb8 23. c3 Bc6 24. Nd6 Be8 25. Nxe8+ Rbxe8 26. cxd4 cxd4 27. Qxd4+ Qxd4 28. Rxd4 Re1+ 29. Kd2 Rb1 30. Kc3 Rf1 31. Rd3 Rc1+ 32. Kb4 Rb8+ 33. Ka5 Rb1 34. Rb3 Rxb3 35. axb3 Rf1 36. Kxa6 Rxf3 37. b4 Kf8 38. b5 Ke8 39. b6 Kd7 40. b7 1-0

[Event "Ostrava Seniors op"]
[Site "Ostrava"]
[Date "2014.05.01"]
[Round "6"]
[White "Micka, Jaroslav"]
[Black "Biza, Miroslav"]
[Result "1-0"]
[WhiteElo "1837"]
[BlackElo "1928"]
[PlyCount "57"]
[EventDate "2014.04.26"]
[EventType "swiss"]
[EventRounds "9"]
[EventCountry "CZE"]
[SourceTitle "CBM 160 Extra"]
[Source "ChessBase"]
[SourceDate "2014.07.01"]
[SourceVersion "1"]
[SourceVersionDate "2014.07.01"]
[SourceQuality "1"]

1. e4 Nf6 2. e5 Nd5 3. d4 d6 4. c4 Nb6 5. f4 Bf5 6. Nf3 dxe5 7. fxe5 e6 8. Nc3 Be7 9. Be2 0-0 10. 0-0 f6 11. exf6 Bxf6 12. Be3 Nc6 13. Qd2 Qe7 14. Rad1 Rad8 15. Qe1 Nb4 16. Qf2 Nc2 17. Rd2 Nxe3 18. Qxe3 c5 19. dxc5 Rxd2 20. Qxd2 Bxc3 21. Qxc3 Qxc5+ 22. Kh1 Nd7 23. a3 Nf6 24. b4 Ne4 25. Qxg7+ Kxg7 26. bxc5 Rc8 27. Nd4 Rxc5 28. g4 e5 29. Nxf5+ 1-0

[Event "Valasska Bystrice op"]
[Site "Valasska Bystrice"]
[Date "2013.09.12"]
[Round "7"]
[White "Vrabel, Petr"]
[Black "Micka, Jaroslav"]
[Result "0-1"]
[WhiteElo "1426"]
[BlackElo "1873"]
[PlyCount "118"]
[EventDate "2013.09.07"]
[EventType "swiss"]
[EventRounds "9"]
[EventCountry "CZE"]
[SourceTitle "CBM 156 Extra"]
[Source "ChessBase"]
[SourceDate "2013.10.22"]
[SourceVersion "1"]
[SourceVersionDate "2013.10.22"]
[SourceQuality "1"]

1. c4 Nf6 2. e3 c5 3. Nc3 g6 4. Be2 Bg7 5. Bf3 Nc6 6. a3 0-0 7. d3 d6 8. Rb1 a5 9. h3 Bd7 10. Nge2 Rb8 11. Ng3 Ne5 12. 0-0 Nxf3+ 13. Qxf3 Bc6 14. e4 Nd7 15. Bd2 b5 16. Nd1 b4 17. axb4 axb4 18. Bf4 h6 19. h4 e5 20. Bd2 Qxh4 21. Qe2 f5 22. exf5 gxf5 23. Be1 f4 24. Ne4 Qe7 25. f3 Rf5 26. Ndf2 Rbf8 27. Nh3 Rh5 28. Kh2 d5 29. cxd5 Bxd5 30. Rh1 Be6 31. Kg1 Bf5 32. b3 Qe6 33. Nhf2 Rxh1+ 34. Nxh1 Ra8 35. Bf2 Qd5 36. Qc2 Kf7 37. Kf1 Bf8 38. Qc4 Qxc4 39. dxc4 Nf6 40. Ke2 Nxe4 41. fxe4 Bxe4 42. Re1 Ra2+ 43. Kf1 Bd3+ 44. Kg1 e4 45. Bh4 Rb2 46. Nf2 Rxb3 47. Nxe4 Rb1 48. Rxb1 Bxb1 49. Nd2 Bd3 50. Kf2 Bg7 51. g3 Bc3 52. Nb3 Bxc4 53. Na5 Bd5 54. gxf4 b3 55. Nxb3 Bxb3 56. Ke2 Ke6 57. Bf2 Bd4 58. Be1 Kf5 59. Kd3 h5 0-1

[Event "Valasska Bystrice op"]
[Site "Valasska Bystrice"]
[Date "2013.09.11"]
[Round "6"]
[White "Micka, Jaroslav"]
[Black "Capil, Dalibor"]
[Result "1-0"]
[WhiteElo "1873"]
[BlackElo "1524"]
[PlyCount "47"]
[EventDate "2013.09.07"]
[EventType "swiss"]
[EventRounds "9"]
[EventCountry "CZE"]
[SourceTitle "CBM 156 Extra"]
[Source "ChessBase"]
[SourceDate "2013.10.22"]
[SourceVersion "1"]
[SourceVersionDate "2013.10.22"]
[SourceQuality "1"]

1. e4 c5 2. Nf3 d6 3. d4 cxd4 4. Nxd4 Nf6 5. Nc3 a6 6. f3 e6 7. Be3 Be7 8. Qd2 Nbd7 9. 0-0-0 Qc7 10. g4 Nc5 11. g5 Nfd7 12. b4 b6 13. bxc5 bxc5 14. Nb3 Nb8 15. Bc4 Bd7 16. Bf4 e5 17. Nd5 Qd8 18. Be3 Bf8 19. f4 f6 20. gxf6 gxf6 21. Rhg1 Nc6 22. Qe2 h5 23. Qg2 Ne7 24. Nxf6# 1-0

[Event "Valasska Bystrice op"]
[Site "Valasska Bystrice"]
[Date "2013.09.08"]
[Round "2"]
[White "Micka, Jaroslav"]
[Black "Karlik, Ondrej"]
[Result "0-1"]
[WhiteElo "1873"]
[BlackElo "2090"]
[PlyCount "72"]
[EventDate "2013.09.07"]
[EventType "swiss"]
[EventRounds "9"]
[EventCountry "CZE"]
[SourceTitle "CBM 156 Extra"]
[Source "ChessBase"]
[SourceDate "2013.10.22"]
[SourceVersion "1"]
[SourceVersionDate "2013.10.22"]
[SourceQuality "1"]

1. e4 d5 2. exd5 Qxd5 3. Nc3 Qa5 4. d4 c6 5. Nf3 Nf6 6. Bc4 Bf5 7. 0-0 e6 8. Bf4 Nd5 9. Bd2 Nxc3 10. bxc3 Bd6 11. Re1 0-0 12. Ne5 Qc7 13. h3 Nd7 14. f4 c5 15. Bd3 Bxd3 16. cxd3 cxd4 17. Nxd7 Qxd7 18. c4 Rac8 19. Rb1 Rfe8 20. Qb3 b6 21. Qb5 Qe7 22. Qh5 Rc5 23. Qf3 Rd8 24. Bb4 Rf5 25. Bxd6 Qxd6 26. Re4 h6 27. g4 Ra5 28. Qf2 Ra3 29. Rb3 Rxb3 30. axb3 Qa3 31. Kg2 Qa1 32. f5 exf5 33. gxf5 Qc3 34. Qf3 Qxb3 35. f6 g6 36. Rxd4 Qb2+ 0-1

[Event "Ostrava Konik op-A"]
[Site "Ostrava"]
[Date "2011.05.08"]
[Round "9"]
[White "Snajdr, Tomas"]
[Black "Micka, Jaroslav"]
[Result "1-0"]
[WhiteElo "1978"]
[BlackElo "1881"]
[PlyCount "67"]
[EventDate "2011.04.30"]
[EventType "swiss"]
[EventRounds "9"]
[EventCountry "CZE"]
[SourceTitle "CBM 142 Extra"]
[Source "ChessBase"]
[SourceDate "2011.06.27"]
[SourceVersion "1"]
[SourceVersionDate "2011.06.27"]
[SourceQuality "1"]

1. c4 Nf6 2. Nc3 e6 3. e4 e5 4. g3 Bb4 5. Bg2 d6 6. Nge2 0-0 7. 0-0 Nc6 8. h3 h6 9. d3 a6 10. Kh2 Bd7 11. f4 Rb8 12. f5 Nh7 13. Nd5 f6 14. Nxb4 Nxb4 15. a3 Nc6 16. Be3 Ne7 17. g4 Qe8 18. Qd2 Qf7 19. Ng3 Kh8 20. Bf3 Ng8 21. h4 Qe7 22. Kg2 Be8 23. Rh1 c6 24. g5 g6 25. fxg6 Bxg6 26. h5 fxg5 27. hxg6 Rxf3 28. Kxf3 Qf6+ 29. Ke2 Qxg6 30. Raf1 Ne7 31. Kd1 b5 32. c5 d5 33. Qh2 dxe4 34. Qxh6 1-0

[Event "Ostrava Konik op-A"]
[Site "Ostrava"]
[Date "2011.05.07"]
[Round "8"]
[White "Micka, Jaroslav"]
[Black "Kolar, Stanislav"]
[Result "0-1"]
[WhiteElo "1881"]
[BlackElo "2095"]
[PlyCount "56"]
[EventDate "2011.04.30"]
[EventType "swiss"]
[EventRounds "9"]
[EventCountry "CZE"]
[SourceTitle "CBM 142 Extra"]
[Source "ChessBase"]
[SourceDate "2011.06.27"]
[SourceVersion "1"]
[SourceVersionDate "2011.06.27"]
[SourceQuality "1"]

1. e4 e6 2. d4 d5 3. Nd2 Nf6 4. e5 Nfd7 5. Bd3 c5 6. c3 Qb6 7. Ne2 Nc6 8. Nf3 cxd4 9. cxd4 Bb4+ 10. Bd2 f6 11. exf6 Nxf6 12. 0-0 0-0 13. a3 Bd6 14. Nc3 Nxd4 15. Nxd4 Qxd4 16. Bg5 Qb6 17. Qe2 Bd7 18. Bh4 Rac8 19. Bg3 e5 20. Rad1 Rxc3 21. bxc3 Bg4 22. Qc2 Bxd1 23. Rxd1 e4 24. Bf1 Bxg3 25. hxg3 e3 26. Rd4 Ne4 27. f3 Nxg3 28. Bd3 Qh6 0-1

[Event "Ostrava Konik op-A"]
[Site "Ostrava"]
[Date "2011.05.04"]
[Round "5"]
[White "Micka, Jaroslav"]
[Black "Gil, Karel"]
[Result "1-0"]
[WhiteElo "1881"]
[BlackElo "1950"]
[PlyCount "69"]
[EventDate "2011.04.30"]
[EventType "swiss"]
[EventRounds "9"]
[EventCountry "CZE"]
[SourceTitle "CBM 142 Extra"]
[Source "ChessBase"]
[SourceDate "2011.06.27"]
[SourceVersion "1"]
[SourceVersionDate "2011.06.27"]
[SourceQuality "1"]

1. e4 c5 2. Nf3 Nc6 3. d4 cxd4 4. Nxd4 Nf6 5. Nc3 d6 6. f3 e5 7. Nb3 Be7 8. Be3 Be6 9. Qe2 0-0 10. 0-0-0 Na5 11. Qf2 Nc4 12. Bxc4 Bxc4 13. Kb1 Qb8 14. g4 b5 15. g5 Nh5 16. Nd5 Bd8 17. Qh4 Bxd5 18. Rxd5 g6 19. f4 Ng7 20. fxe5 dxe5 21. Nc5 Qc7 22. Nd7 Re8 23. Qf2 Re7 24. Nf6+ Kh8 25. Rhd1 Re6 26. Rd7 Qa5 27. Rxf7 Bxf6 28. gxf6 Nh5 29. Rdd7 Rd8 30. Rxa7 Ra6 31. Rxh7+ Kg8 32. Rxa6 Rd1+ 33. Bc1 Qxa6 34. Rxh5 Qb7 35. f7+ 1-0

[Event "Ostrava Konik op-A"]
[Site "Ostrava"]
[Date "2011.05.03"]
[Round "4"]
[White "Petrov, Nikolaj"]
[Black "Micka, Jaroslav"]
[Result "1/2-1/2"]
[WhiteElo "1937"]
[BlackElo "1881"]
[PlyCount "78"]
[EventDate "2011.04.30"]
[EventType "swiss"]
[EventRounds "9"]
[EventCountry "CZE"]
[SourceTitle "CBM 142 Extra"]
[Source "ChessBase"]
[SourceDate "2011.06.27"]
[SourceVersion "1"]
[SourceVersionDate "2011.06.27"]
[SourceQuality "1"]

1. e4 c5 2. Nf3 d6 3. d4 cxd4 4. Nxd4 Nf6 5. Nc3 a6 6. a4 Qc7 7. Be2 e5 8. Nb3 Be6 9. 0-0 Be7 10. Bg5 Nbd7 11. Qd2 0-0 12. Rfd1 Rfd8 13. Kh1 Rac8 14. f4 exf4 15. Bxf4 Ne5 16. Nd4 Bd7 17. Nf5 Bf8 18. Nxd6 Bxd6 19. Qxd6 Qxd6 20. Rxd6 Ng6 21. Bg5 Bc6 22. Rxd8+ Rxd8 23. Bxf6 gxf6 24. Rd1 Re8 25. Bf3 Ne5 26. Nd5 Kg7 27. b3 Nxf3 28. gxf3 f5 29. Rg1+ Kh6 30. Nb4 fxe4 31. Nxc6 bxc6 32. fxe4 Rxe4 33. Rd1 Re6 34. Rd2 Kg5 35. Kg2 Re3 36. Kf2 Rc3 37. Kg2 f5 38. Rf2 h5 39. Kf1 f4 1/2-1/2

[Event "Ostrava Konik op-A"]
[Site "Ostrava"]
[Date "2011.05.02"]
[Round "3"]
[White "Hofirek, Benedikt"]
[Black "Micka, Jaroslav"]
[Result "1-0"]
[WhiteElo "1980"]
[BlackElo "1881"]
[PlyCount "125"]
[EventDate "2011.04.30"]
[EventType "swiss"]
[EventRounds "9"]
[EventCountry "CZE"]
[SourceTitle "CBM 142 Extra"]
[Source "ChessBase"]
[SourceDate "2011.06.27"]
[SourceVersion "1"]
[SourceVersionDate "2011.06.27"]
[SourceQuality "1"]

1. c4 e5 2. Nc3 f5 3. d4 exd4 4. Qxd4 Nc6 5. Qe3+ Nce7 6. Nd5 c6 7. Nf4 Nf6 8. Nf3 Qb6 9. Qxb6 axb6 10. Be3 d5 11. c5 bxc5 12. Bxc5 Ne4 13. Ba3 g5 14. Nd3 Bg7 15. Rc1 Ng6 16. e3 h6 17. h4 g4 18. Nd4 h5 19. g3 Kf7 20. Bg2 Bh6 21. Bxe4 fxe4 22. Nf4 Ne5 23. Nde2 Nf3+ 24. Kd1 Bg7 25. Kc2 Bf5 26. Rhd1 Rad8 27. Bc5 Bg6 28. Nd4 Ne5 29. Nde6 Ra8 30. Nxg7 Kxg7 31. Bd4 Rhe8 32. Kb3 Kf7 33. Bxe5 Rxe5 34. Rc5 Ree8 35. Rd4 Red8 36. Ne2 Bf5 37. Nf4 Bg6 38. Ne2 Bf5 39. Ra4 Rxa4 40. Kxa4 Ra8+ 41. Ra5 Rd8 42. Ra7 Bc8 43. Kb4 Ke7 44. Kc5 Rf8 45. Nf4 Kd7 46. b4 Kc7 47. b5 Kb8 48. b6 Rf5 49. a4 Bd7 50. a5 d4+ 51. Kxd4 Rb5 52. a6 Rxb6 53. Rxb7+ Rxb7 54. axb7 Be8 55. Kxe4 Kxb7 56. f3 gxf3 57. Kxf3 Kb6 58. g4 hxg4+ 59. Kxg4 c5 60. h5 Bxh5+ 61. Kxh5 c4 62. Ne2 Kc5 63. Kg5 1-0

[Event "Ostrava Konik op-A"]
[Site "Ostrava"]
[Date "2011.04.30"]
[Round "1"]
[White "Rakus, Pavel"]
[Black "Micka, Jaroslav"]
[Result "1-0"]
[WhiteElo "2158"]
[BlackElo "1881"]
[PlyCount "43"]
[EventDate "2011.04.30"]
[EventType "swiss"]
[EventRounds "9"]
[EventCountry "CZE"]
[SourceTitle "CBM 142 Extra"]
[Source "ChessBase"]
[SourceDate "2011.06.27"]
[SourceVersion "1"]
[SourceVersionDate "2011.06.27"]
[SourceQuality "1"]

1. Nf3 e6 2. g3 b6 3. Bg2 Bb7 4. 0-0 Nf6 5. c4 c5 6. e3 Be7 7. d4 d5 8. Ne5 Nbd7 9. Qa4 0-0 10. Nc6 Bxc6 11. Qxc6 Qc8 12. cxd5 exd5 13. Bxd5 Nxd5 14. Qxd5 Nf6 15. Qf3 cxd4 16. exd4 Rd8 17. Rd1 Nd5 18. Nc3 Qd7 19. Bf4 Qf5 20. Nxd5 Rxd5 21. Re1 Bf6 22. Re5 1-0

[Event "Ostrava op"]
[Site "Ostrava"]
[Date "2009.05.09"]
[Round "8"]
[White "Micka, Jaroslav"]
[Black "Blecha, Zdenek"]
[Result "1/2-1/2"]
[WhiteElo "1900"]
[BlackElo "1980"]
[PlyCount "60"]
[EventDate "2009.05.02"]
[EventType "swiss"]
[EventRounds "9"]
[EventCountry "CZE"]
[SourceTitle "EXT 2011"]
[Source "ChessBase"]
[SourceDate "2010.11.26"]
[SourceVersion "1"]
[SourceVersionDate "2010.11.26"]
[SourceQuality "1"]

1. e4 c5 2. Nf3 Nc6 3. d4 cxd4 4. Nxd4 e5 5. Nb5 d6 6. c4 a6 7. N5c3 Be6 8. Be2 Be7 9. 0-0 Nd4 10. Be3 Nxe2+ 11. Qxe2 Rc8 12. Nd2 Nf6 13. f3 0-0 14. Rfc1 Qa5 15. a3 Rc6 16. Nd5 Re8 17. Qf2 Nd7 18. b4 Qd8 19. Nb3 Qb8 20. Na5 Rcc8 21. Nxe7+ Rxe7 22. c5 Nf8 23. Nc4 Bxc4 24. Rxc4 dxc5 25. Rxc5 Ng6 26. Rxc8+ Qxc8 27. Rc1 Rc7 28. Qd2 Rxc1+ 29. Qxc1 Qxc1+ 30. Bxc1 b5 1/2-1/2

[Event "Ostrava op"]
[Site "Ostrava"]
[Date "2009.05.02"]
[Round "1"]
[White "Micka, Jaroslav"]
[Black "Malik, Jan"]
[Result "0-1"]
[WhiteElo "1900"]
[BlackElo "2200"]
[PlyCount "88"]
[EventDate "2009.05.02"]
[EventType "swiss"]
[EventRounds "9"]
[EventCountry "CZE"]
[SourceTitle "EXT 2011"]
[Source "ChessBase"]
[SourceDate "2010.11.26"]
[SourceVersion "1"]
[SourceVersionDate "2010.11.26"]
[SourceQuality "1"]

1. e4 c5 2. Nf3 d6 3. d4 cxd4 4. Nxd4 Nf6 5. Nc3 a6 6. f3 e5 7. Nb3 Be6 8. Be3 Nbd7 9. Qd2 Be7 10. 0-0-0 b5 11. g4 0-0 12. g5 Nh5 13. Rg1 Nb6 14. f4 Nc4 15. Bxc4 bxc4 16. f5 cxb3 17. cxb3 g6 18. f6 Nxf6 19. gxf6 Bxf6 20. Qxd6 Qxd6 21. Rxd6 Rfd8 22. Rgd1 Be7 23. Rxd8+ Rxd8 24. Rxd8+ Bxd8 25. b4 f5 26. exf5 gxf5 27. a3 Kf7 28. b5 axb5 29. Nxb5 Bb3 30. Kd2 Ba5+ 31. Kd3 Ke6 32. Nc3 e4+ 33. Ke2 Ke5 34. Ba7 f4 35. Kf2 Bd8 36. a4 Ba5 37. Bc5 Bxc3 38. bxc3 e3+ 39. Kf3 Bd1+ 40. Kg2 Bxa4 41. Kf3 Bd1+ 42. Kg2 Ke4 43. Kf1 f3 44. Bb6 Bb3 0-1

[Event "Orlova op 4th"]
[Site "Orlova"]
[Date "2007.05.27"]
[Round "9"]
[White "Micka, Jaroslav"]
[Black "Skwarun, Wojciech"]
[Result "1-0"]
[WhiteElo "1942"]
[BlackElo "1250"]
[PlyCount "25"]
[EventDate "2007.05.19"]
[EventType "swiss"]
[EventRounds "9"]
[EventCountry "CZE"]
[SourceTitle "EXT 2012"]
[Source "ChessBase"]
[SourceDate "2011.11.24"]
[SourceVersion "1"]
[SourceVersionDate "2011.11.24"]
[SourceQuality "1"]

1. e4 e5 2. Nc3 Nc6 3. Bc4 Bc5 4. Qg4 Qf6 5. Nd5 Qxf2+ 6. Kd1 Kf8 7. Nh3 Qd4 8. d3 d6 9. Qf3 Bxh3 10. gxh3 Qf2 11. Qxf2 Bxf2 12. Rf1 Bh4 13. Nxc7 1-0

[Event "Orlova op 4th"]
[Site "Orlova"]
[Date "2007.05.23"]
[Round "5"]
[White "Orzechowski, Jacek"]
[Black "Micka, Jaroslav"]
[Result "1/2-1/2"]
[WhiteElo "2228"]
[BlackElo "1942"]
[PlyCount "78"]
[EventDate "2007.05.19"]
[EventType "swiss"]
[EventRounds "9"]
[EventCountry "CZE"]
[SourceTitle "EXT 2012"]
[Source "ChessBase"]
[SourceDate "2011.11.24"]
[SourceVersion "1"]
[SourceVersionDate "2011.11.24"]
[SourceQuality "1"]

1. e4 e6 2. d4 d5 3. exd5 exd5 4. c4 Nf6 5. Nc3 c6 6. Bd3 Be7 7. Nge2 0-0 8. 0-0 Re8 9. Ng3 Be6 10. c5 b6 11. cxb6 axb6 12. Nf5 Bf8 13. Qf3 Nbd7 14. Bf4 Bxf5 15. Bxf5 b5 16. a3 b4 17. axb4 Rxa1 18. Rxa1 Bxb4 19. g4 Bxc3 20. bxc3 Ne4 21. Ra7 Nf8 22. Kg2 g6 23. Bxe4 dxe4 24. Qe3 Qd5 25. Bh6 Ne6 26. Kg1 Rb8 27. Ra1 c5 28. dxc5 Nxc5 29. c4 Qc6 30. Rd1 Nd3 31. Qd4 f6 32. Qa7 Qb7 33. Qxb7 Rxb7 34. f3 f5 35. fxe4 fxe4 36. Ra1 Rf7 37. Rb1 Ra7 38. Rf1 Rf7 39. Ra1 Rc7 1/2-1/2

[Event "Orlova op 4th"]
[Site "Orlova"]
[Date "2007.05.19"]
[Round "1"]
[White "Helis, Tadeusz"]
[Black "Micka, Jaroslav"]
[Result "1-0"]
[WhiteElo "2312"]
[BlackElo "1942"]
[PlyCount "63"]
[EventDate "2007.05.19"]
[EventType "swiss"]
[EventRounds "9"]
[EventCountry "CZE"]
[SourceTitle "EXT 2012"]
[Source "ChessBase"]
[SourceDate "2011.11.24"]
[SourceVersion "1"]
[SourceVersionDate "2011.11.24"]
[SourceQuality "1"]

1. e4 e6 2. Qe2 c5 3. Nf3 Nc6 4. g3 Nf6 5. Bg2 d5 6. d3 Be7 7. 0-0 0-0 8. Re1 dxe4 9. dxe4 e5 10. c3 a6 11. a4 Qc7 12. Na3 Re8 13. Nc4 b6 14. Ne3 Na5 15. Nd2 Be6 16. Nd5 Qb7 17. Nc4 Nxc4 18. Qxc4 Bf8 19. Nxf6+ gxf6 20. Qe2 Qc8 21. Be3 Rd8 22. f4 Bg4 23. Qf2 Bh6 24. f5 Bxe3 25. Qxe3 Ra7 26. h3 Bh5 27. g4 Bg6 28. fxg6 fxg6 29. Rad1 Rad7 30. Rd5 Rxd5 31. exd5 Qc7 32. g5 1-0

[Event "Ostrava Konik op-A"]
[Site "Ostrava"]
[Date "2007.??.??"]
[Round "8"]
[White "Borovicka, Bohumil"]
[Black "Micka, Jaroslav"]
[Result "1-0"]
[WhiteElo "2045"]
[BlackElo "1905"]
[PlyCount "75"]
[EventDate "2007.05.??"]
[EventType "swiss"]
[EventRounds "9"]
[EventCountry "CZE"]
[SourceTitle "EXT 2010"]
[Source "ChessBase"]
[SourceDate "2010.11.25"]
[SourceVersion "1"]
[SourceVersionDate "2010.11.25"]
[SourceQuality "1"]

1. d4 f5 2. Nc3 Nf6 3. Bg5 Nc6 4. d5 Ne5 5. Nf3 Nf7 6. Bxf6 exf6 7. e3 Bb4 8. Qd4 Qe7 9. a3 Bc5 10. Qd2 0-0 11. Nd4 d6 12. 0-0-0 Bd7 13. Bc4 Bxd4 14. Qxd4 Qe5 15. f4 Qxd4 16. exd4 Rfe8 17. Rhe1 Kf8 18. Bb5 c6 19. dxc6 bxc6 20. Ba4 Rxe1 21. Rxe1 Re8 22. Rxe8+ Kxe8 23. d5 Nd8 24. Kd2 cxd5 25. Bxd7+ Kxd7 26. Nxd5 Nc6 27. Kd3 h5 28. b4 h4 29. a4 g5 30. b5 Nd8 31. Nxf6+ Ke6 32. fxg5 Nf7 33. a5 Ne5+ 34. Kd4 f4 35. Ne4 d5 36. Nd2 Kd6 37. Nf3 Nc4 38. g6 1-0

[Event "Ostrava Konik op-A"]
[Site "Ostrava"]
[Date "2007.??.??"]
[Round "1"]
[White "Micka, Jaroslav"]
[Black "Adamek, Jiri"]
[Result "1/2-1/2"]
[WhiteElo "1909"]
[BlackElo "2221"]
[PlyCount "49"]
[EventDate "2007.05.??"]
[EventType "swiss"]
[EventRounds "9"]
[EventCountry "CZE"]
[SourceTitle "EXT 2010"]
[Source "ChessBase"]
[SourceDate "2010.11.25"]
[SourceVersion "1"]
[SourceVersionDate "2010.11.25"]
[SourceQuality "1"]

1. e4 c5 2. Nf3 e6 3. d4 cxd4 4. Nxd4 a6 5. Nc3 Qc7 6. Be3 Nf6 7. f3 Nc6 8. Qd2 b5 9. g4 d6 10. 0-0-0 Ne5 11. h4 b4 12. Na4 Bd7 13. Qxb4 Rb8 14. Qc3 Qd8 15. g5 Nh5 16. b3 Ng3 17. Bxa6 Nxh1 18. Rxh1 Ra8 19. Nb5 Bc6 20. Na7 Rxa7 21. Bxa7 Qa8 22. Qe3 Nxf3 23. Nc3 Be7 24. Bb5 Ne5 25. Bxc6+ 1/2-1/2

[Event "Ostrava Konik op-A"]
[Site "Ostrava"]
[Date "2007.??.??"]
[Round "4"]
[White "Novacek, Pavel"]
[Black "Micka, Jaroslav"]
[Result "1/2-1/2"]
[WhiteElo "2015"]
[BlackElo "1905"]
[PlyCount "72"]
[EventDate "2007.05.??"]
[EventType "swiss"]
[EventRounds "9"]
[EventCountry "CZE"]
[SourceTitle "EXT 2010"]
[Source "ChessBase"]
[SourceDate "2010.11.25"]
[SourceVersion "1"]
[SourceVersionDate "2010.11.25"]
[SourceQuality "1"]

1. e4 e6 2. d4 d5 3. Nc3 Bb4 4. e5 c5 5. a3 Bxc3+ 6. bxc3 Ne7 7. h4 Nbc6 8. h5 cxd4 9. cxd4 Nf5 10. c3 Qa5 11. Bd2 Bd7 12. Nf3 h6 13. Bd3 0-0-0 14. c4 Qa6 15. Bxf5 exf5 16. cxd5 Ne7 17. d6 Nd5 18. Qb3 Be6 19. a4 Kb8 20. Qb5 Qxb5 21. axb5 Rc8 22. 0-0 Rc2 23. Rfb1 Nb6 24. Ba5 Nd5 25. Ra3 b6 26. Bd2 Kb7 27. Kf1 Ra8 28. Ke1 a5 29. bxa6+ Rxa6 30. Rxa6 Kxa6 31. Ra1+ Kb7 32. Kd1 Rc8 33. g3 Ra8 34. Rxa8 Kxa8 35. Ne1 Kb7 36. Nd3 Bd7 1/2-1/2

[Event "Ostrava Konik op-A"]
[Site "Ostrava"]
[Date "2007.??.??"]
[Round "2"]
[White "Vyskocil, Neklan"]
[Black "Micka, Jaroslav"]
[Result "1-0"]
[WhiteElo "2360"]
[BlackElo "1905"]
[PlyCount "87"]
[EventDate "2007.05.??"]
[EventType "swiss"]
[EventRounds "9"]
[EventCountry "CZE"]
[SourceTitle "EXT 2010"]
[Source "ChessBase"]
[SourceDate "2010.11.25"]
[SourceVersion "1"]
[SourceVersionDate "2010.11.25"]
[SourceQuality "1"]

1. c4 f5 2. Nc3 Nf6 3. g3 g6 4. Bg2 Bg7 5. Nf3 d6 6. d4 0-0 7. 0-0 c6 8. Qc2 Kh8 9. b3 Be6 10. Bb2 Bg8 11. Rae1 d5 12. cxd5 cxd5 13. Qd3 Nbd7 14. Rc1 Ne4 15. Rc2 a6 16. Rfc1 b5 17. a3 Qb6 18. Na2 Ra7 19. Nb4 Nb8 20. e3 a5 21. Nc6 Nxc6 22. Rxc6 Qb7 23. Ne5 Nd6 24. R6c2 Qa8 25. Bc3 Be6 26. Be1 Bf6 27. Rc5 a4 28. Nc6 Rc7 29. Nb4 Rxc5 30. dxc5 Ne4 31. f3 Ng5 32. h4 Nf7 33. f4 Bb2 34. Bc3+ Bxc3 35. Qxc3+ Kg8 36. bxa4 Qxa4 37. Nxd5 Rd8 38. Nxe7+ Kf8 39. Nc6 Rd1+ 40. Kh2 Rxc1 41. Qxc1 Bc4 42. Qb2 Qd1 43. Ne5 Bd5 44. Qd4 1-0